000 00918nam a2200241Ii 4500
003 JO-AjNU
008 230605s9999||||xx |||||||||||||| ||und||
017 _a1984/4041
020 _a977-142-091-7
040 _aJO-AjNU
_bara
_erda
_cJO-AjNU
041 _aara
050 1 4 _aPJ6063.S572 1985
100 3 _aتاليف عبد الله السيرافي،أبي سعيد الحسن؛تحقيق محمد ابراهيم البنا,
_eauthor
_913810
245 0 0 _aأخبار النحويين البصريين ومراتبهم واخذ بعضهم عن بعض
250 _aط1
264 3 1 _aالقاهرة: دار الإعتصام، 1985
300 _a156ص
336 _atext
_btxt
_2rdacontent
337 _aunmediated
_bn
_2rdamedia
338 _avolume
_bnc
_2rdacarrier
490 0 _aمن عيون التراث 4
650 4 _aاللغة العربية-النحو-اخبار النحويين البصريين
_913811
999 _aA3534
_c7102
_d7102